Movies Quiz

Random Movies or Actor Quiz

Robert Redford Movies Quiz Stats

 Plays Quiz Updated Jan 1, 2021

Support Sporcle.
Go Orange.
Score 0/48 Timer 10:00
0 Plays Today
Year Movie % Correct
1969Butch Cassidy and the Sundance Kid
81.1%
1975The Great Gatsby
80.2%
1973The Sting
73.7%
1976All the President's Men
69.3%
1984The Natural
68.7%
1980Brubaker
50.4%
1998The Horse Whisperer
49%
2019Avengers: Endgame
46.7%
1973The Way We Were
46.5%
2014Captain America: The Winter Soldier
44.8%
1975The Great Waldo Pepper
44.7%
1985Out of Africa
41.1%
1992Sneakers
40.6%
1993Indecent Proposal
37.8%
2013All Is Lost
37.2%
2001Spy Game
36.5%
2018The Old Man & the Gun
34.9%
1967Barefoot in the Park
34.1%
1972Jeremiah Johnson
33.6%
1992A River Runs Through It
33%
2015A Walk in the Woods
32%
1975Three Days of the Condor
31.1%
2001The Last Castle
31%
1972The Candidate
30%
Year Movie % Correct
2007Lions for Lambs
28.3%
1979The Electric Horseman
27.1%
1986Legal Eagles
25.8%
2015Truth
25%
1977A Bridge Too Far
24.3%
2016Pete's Dragon
22.1%
1969Downhill Racer
21%
2017Our Souls at Night
19.8%
1996Up Close & Personal
19.1%
2006Charlotte's Web
17.8%
1990Havana
17.4%
2012The Company You Keep
16.2%
1966The Chase
13.2%
2017The Discovery
13.1%
1972The Hot Rock
13%
2005An Unfinished Life
12.4%
1965Inside Daisy Clover
12.4%
2018Buttons
12.2%
2004The Clearing
12%
1969Tell Them Willie Boy Is Here
11.5%
1966This Property Is Condemned
11.1%
1970Little Fauss and Big Halsy
9.1%
1962War Hunt
8.5%
1965Situation Hopeless... But Not Serious
6.7%

From the Vault

3+3+3 Word Builder

by iglew

Language 15m
This quiz is brought to you by the number 3, and also the number 3.
Remove Ads.
Support Sporcle.
Get the best of Sporcle when you Go Orange. This ad-free experience offers more features, more stats, and more fun while also helping to support Sporcle. Thank you for becoming a member.

Show Comments

Extras

Top Quizzes Today


Score Distribution

Your Account Isn't Verified!

In order to create a playlist on Sporcle, you need to verify the email address you used during registration. Go to your Sporcle Settings to finish the process.

Report this User

Report this user for behavior that violates our Community Guidelines.

Details: